<The> Determinants of Inward FDI in Selected Services Industries in Malaysia
Preskúmanie platnosti teórie lokality (location theory) v Malajzii pomocou súboru panelových údajov pre osem odvetví služieb v období 2003-2010.
Guardado en:
| Autor principal: | |
|---|---|
| Otros Autores: | , |
| Formato: | Capítulo de libro |
| Lenguaje: | inglés |
| Materias: | |
| Etiquetas: |
Sin Etiquetas, Sea el primero en etiquetar este registro!
|
MARC
| LEADER | 00000naa a2200000 4500 | ||
|---|---|---|---|
| 001 | 0242473 | ||
| 005 | 20180509123041.1 | ||
| 041 | 0 | |a eng | |
| 044 | |a CZ | ||
| 245 | 1 | 0 | |a <The> Determinants of Inward FDI in Selected Services Industries in Malaysia |c Siew Yean Tham, Andrew Jia-Yi Kam, Nirwan bin Noh |
| 520 | |a Preskúmanie platnosti teórie lokality (location theory) v Malajzii pomocou súboru panelových údajov pre osem odvetví služieb v období 2003-2010. | ||
| 610 | 2 | 0 | |a liberalizácia |
| 610 | 2 | 0 | |a rozvoj hospodársky |
| 610 | 2 | 0 | |a služby |
| 610 | 2 | 0 | |a investície priame zahraničné |
| 610 | 2 | 0 | |a obchod medzinárodný |
| 610 | 2 | 0 | |a analýza empirická |
| 610 | 2 | 0 | |a Malajzia |
| 100 | 1 | |a Tham, Siew Yean | |
| 700 | 1 | |a Kam, Andrew Jia-Yi | |
| 700 | 1 | |a Noh, Nirwan bin | |